Olympic Track Champions 2024-Men - Statistics

General Stats
  • This quiz has been taken 19 times
  • The average score is 7 of 21
Answer Stats
Event Champion Country % Correct
100m Noah Lyles USA
88%
Pole Vault Armand Duplantis Sweden
75%
200m Letsile Tebogo Botswana
69%
Shotput Ryan Crouser USA
50%
High Jump Hamish Kerr New Zealand
38%
1500m Cole Hocker USA
31%
110m Hurdles Grant Holloway USA
31%
Decathlon Markus Rooth Norway
31%
400m Hurdles Rai Benjamin USA
31%
3000m Steeplechase Soufiane El Bakkali Morocco
31%
10000m Joshua Cheptegei Uganda
25%
Long Jump Miltiadis Tentoglou Greece
25%
400m Quincy Hall USA
25%
Javelin Arshad Nadeem Pakistan
19%
20km race walk Brian Pintado Ecuador
19%
800m Emmanuel Wanyonyi Kenya
19%
Hammerthrow Ethan Katzberg Canada
19%
5000m Jakob Ingebrigsten Norway
19%
Marathon Tamirat Tola Ethiopia
19%
Triple Jump Jordan Diaz Spain
13%
Discus Roje Stona Jamaica
13%
No matching quizzes found
Score Distribution
Percent of People with Each Score
Percentile by Number Answered
Your Score History
You have not taken this quiz